| 000 | 00733nam a2200217 a 4500 | ||
|---|---|---|---|
| 005 | 20240910064115.0 | ||
| 008 | 090610s2004 ve r 000 0 spa d | ||
| 020 | _a9800112510 | ||
| 035 | _aUPN01000171128 | ||
| 049 | _aCG | ||
| 050 | 4 |
_aF2235.3 _bB6.7 |
|
| 100 | 1 |
_aBolívar, Simón, _d1783-1830 |
|
| 245 | 1 | 0 |
_aPáginas escogidas / _cSimón Bolivar ; pról. y selec. Mario Torrealba Lossi. |
| 260 |
_aCaracas : _bMonte Avila, _c2004. |
||
| 300 | _a147 p. | ||
| 440 | 0 |
_aBiblioteca básica de autores venezolanos ; _v24 |
|
| 600 | 1 | 4 |
_aBOLIVAR, SIMON, _d1783-1830 - _vCORRESPONDENCIA, MEMORIAS, ETC. _95446 |
| 651 | 4 |
_aAmérica del Sur _xPolítica y gobierno _92717 |
|
| 700 | 1 |
_aTorrealba Lossi, Mario, _ecomp. |
|
| 905 | _aLibro | ||
| 999 |
_c143233 _d143233 |
||